| 000 | 00530nam a22001937a 4500 | ||
|---|---|---|---|
| 005 | 20151106124137.0 | ||
| 010 | _aPUN-7783 | ||
| 020 | _c175.00 | ||
| 035 | _aPN-6901 | ||
| 037 | _aunistar books | ||
| 082 | _aਓ | ||
| 100 | _aਇੰਦਰ ਸਿੰਘ ਖਾਮੋਸ਼ | ||
| 245 | _aਚਾਨਣ ਦਾ ਜੰਗਲ | ||
| 246 |
_aChhanan da Jungal _bby Inder Singh Khamosh |
||
| 250 | _a2011 | ||
| 260 |
_aChandigarh _bUnistar Books |
||
| 300 |
_aPg.142 _b22cmਸਜਿਲਦ |
||
| 942 |
_2ddc _cPN _hਓ _kਇੰਦਰ |
||
| 999 |
_c98107 _d98107 |
||